Country Quiz on a Map - India - Statistics

General Stats
  • This quiz has been taken 4,922 times
  • The average score is 24 of 45
Answers on the Map
Answers color-coded by a green-red scale on the quiz's map according to % correct below.
 
Answer Stats
Answers % Correct
11,034,555 Delhi
98%
12,442,373 Mumbai
97%
Bangladesh
93%
Pakistan
93%
Bhutan
92%
China
92%
Nepal
91%
Myanmar
89%
Ganges
87%
Indian Ocean
87%
Bay of Bengal
86%
Himalayas
86%
Mausoleum that is part of "The New 7 Wonders of the World" Taj Mahal
86%
City formerly known as Madras Chennai
81%
Mountainous region at the center of disputes between three countries Kashmir
81%
Kolkata: This Catholic nun lived and worked there for most of her life Mother Teresa
77%
8,443,675 Bengaluru
75%
6,993,262 Hyderabad
74%
Bodh Gaya: This religious figure is said to have attained enlightenment there The Buddha
74%
Arabian Sea
71%
5,577,940 Ahmedabad
66%
Archipelago made up of 200 islands, including North Sentinel Island Andaman Islands
62%
The "Pink City" Jaipur
58%
City often referred to as the "Oxford of the East" Pune
51%
State known for its sandy beaches and its communist government Kerala
50%
Brahmaputra
47%
City infamous for its gas tragedy that injured half a million people Bhopal
46%
Holiest city in Hinduism Varanasi
45%
Fort hosting the annual Independence Day celebrations Red Fort
31%
Thar Desert
24%
Western Ghats
21%
Kangchenjunga
20%
Mangrove area with high biodiversity in the delta of several rivers Sundarbans
19%
Krishna
18%
Kumbakonam: This mathematician passed away there at the young age of 32 Srinivasa Ramanujan
18%
Godavari
17%
Palace that served as the official residence of the Wadiyar dynasty for centuries Mysore Palace
14%
Narmada
14%
Champaner: In this movie, the villagers of this town challenged the colonial authorities through a game of cricket Lagaan
13%
1757: Battle that marked the beginning of British dominance in India Battle of Plassey
12%
1526: Decisive Timurid victory, establishing the Mughal Empire in India First Battle of Panipat
12%
Nanda Devi
8%
Brahmpur: This Vikram Seth novel begins in this fictional town in post-independence India A Suitable Boy
7%
Kolkata: The most famous painting of this nationalist personification of India is exhibited there Bharat Mata
6%
National park renowned for its alpine meadows and diverse flora Valley of Flowers
5%
No matching quizzes found
Score Distribution
Percent of People with Each Score
Percentile by Number Answered
Your Score History
You have not taken this quiz